[Event "World Blitz 2023"]
[Site "Samarkand UZB"]
[Date "2023.12.30"]
[Round "14.21"]
[White "Lazavik, Denis"]
[Black "Korobov, Anton"]
[Result "1/2-1/2"]
[WhiteElo "2556"]
[BlackElo "2649"]
[EventDate "2023.12.29"]

1. d4 d5 2. c4 e6 3. Nf3 Nd7 4. Nc3 Ngf6 5. Bg5 c6 6. cxd5 exd5 7. e3 Be7
8. Bd3 Nh5 9. Bxe7 Qxe7 10. O-O g6 11. Rb1 a5 12. a3 O-O 13. b4 axb4 14.
axb4 Ndf6 15. Qc2 Ng7 16. b5 c5 17. dxc5 Qxc5 18. Nd4 Bd7 19. Nce2 Qd6 20.
h3 Rfc8 21. Qb2 Ne4 22. Ra1 Nc5 23. Bc2 Nge6 24. Rxa8 Rxa8 25. Ra1 Rxa1+
26. Qxa1 b6 27. Qa3 Nc7 28. Nc3 Ne4 29. Qxd6 Nxd6 1/2-1/2

[Event "World Blitz 2023"]
[Site "Samarkand UZB"]
[Date "2023.12.30"]
[Round "14.22"]
[White "Makarian, Rudik"]
[Black "Vidit, Santosh Gujrathi"]
[Result "0-1"]
[WhiteElo "2540"]
[BlackElo "2642"]
[EventDate "2023.12.29"]

1. e4 c5 2. Nf3 e6 3. g3 Nc6 4. Bg2 Nf6 5. d3 d5 6. Nbd2 Be7 7. O-O O-O 8.
Re1 Qc7 9. Nf1 Rd8 10. e5 Nd7 11. Bf4 Nf8 12. g4 f5 13. gxf5 exf5 14. Qd2
Ne6 15. h4 d4 16. Ng3 Nb4 17. Bg5 g6 18. Bf6 Nd5 19. Ng5 Nef4 20. Bxe7 Qxe7
21. Bxd5+ Nxd5 22. f4 Be6 23. Kh2 h6 24. Nf3 Kf7 25. Rg1 Rg8 26. Rae1 Rad8
27. Re2 Ke8 28. c3 dxc3 29. bxc3 Kf8 30. a3 Nb6 31. Qe3 Nd5 32. Qc1 Nc7 33.
Qc2 Bd5 34. Rf1 Ne6 35. Qd2 Bxf3 36. Rxf3 Qxh4+ 37. Kg1 g5 38. fxg5 f4 39.
Ne4 Qg4+ 40. Kf2 hxg5 41. Qd1 Qh4+ 42. Kg2 g4 43. Rff2 f3+ 44. Kg1 Rh8 45.
Rh2 fxe2 0-1

[Event "World Blitz 2023"]
[Site "Samarkand UZB"]
[Date "2023.12.30"]
[Round "14.23"]
[White "Petrosian, Tigran L."]
[Black "Suleymanli, Aydin"]
[Result "0-1"]
[WhiteElo "2610"]
[BlackElo "2553"]
[EventDate "2023.12.29"]

1. Nf3 d5 2. g3 Nf6 3. Bg2 e6 4. O-O Be7 5. d3 O-O 6. Nbd2 Nc6 7. e4 dxe4
8. dxe4 e5 9. c3 a5 10. Qc2 Be6 11. Ng5 Bd7 12. Nc4 Bc5 13. Nf3 Qe7 14. Ne3
Be6 15. Ng5 Bxe3 16. Bxe3 Bc4 17. Rfd1 Rfd8 18. b3 Ba6 19. Nf3 b6 20. Nh4
g6 21. Bg5 Kg7 22. h3 h6 23. Be3 Rxd1+ 24. Rxd1 Rd8 25. Rxd8 Nxd8 26. Qd2
Ng8 27. Nf3 f6 28. c4 c5 29. Nh2 Ne6 30. f4 Nd4 31. fxe5 Qxe5 32. Ng4 Qxg3
33. Bxd4 cxd4 34. Qxd4 h5 35. Ne3 Bc8 36. Nf1 Qc7 37. Ne3 Qg3 38. Nf1 Qc7
39. a3 Ne7 40. Ne3 Qg3 41. Nf1 Qc7 42. Ne3 Qg3 43. Nf1 Qxb3 44. e5 fxe5 45.
Qxe5+ Kf7 46. Ne3 Be6 47. Bd5 Bxd5 48. cxd5 Qb1+ 49. Kf2 Qa2+ 50. Kg3 h4+
51. Kf3 Qb3 52. Qf4+ Ke8 53. Qe5 Kf7 54. Kg4 Qa4+ 55. Kg5 Qd7 56. d6 Ng8
57. Nd5 Qxh3 58. Nxb6 Qg3+ 59. Qxg3 hxg3 60. d7 Ke7 61. Nd5+ Kxd7 62. Ne3
Ne7 63. Ng2 Ke6 64. Kf4 Nf5 65. Kg5 Ke5 66. Kxg6 Ke4 67. Kg5 Ne3 68. Ne1 g2
69. Nxg2 Nxg2 70. Kf6 Kd5 0-1

[Event "World Blitz 2023"]
[Site "Samarkand UZB"]
[Date "2023.12.30"]
[Round "14.24"]
[White "Rakhmanov, Aleksandr"]
[Black "Sindarov, Javokhir"]
[Result "0-1"]
[WhiteElo "2521"]
[BlackElo "2607"]
[EventDate "2023.12.29"]

1. d4 Nf6 2. c4 g6 3. Nc3 Bg7 4. e4 d6 5. h3 Nbd7 6. Be3 e5 7. d5 h5 8. Qd2
Nc5 9. Bd3 Nxd3+ 10. Qxd3 Bh6 11. Bxh6 Rxh6 12. Nf3 h4 13. Qe3 Rh8 14. c5
Nh5 15. Ne2 b6 16. cxd6 cxd6 17. O-O Ba6 18. Rfc1 Kf8 19. Rc3 Rc8 20. Rac1
Rxc3 21. Rxc3 Kg7 22. Kh2 Qf6 23. Nfg1 Rc8 24. Rxc8 Bxc8 25. f3 Qe7 26. Nc3
Ng3 27. Qd3 Qg5 28. Nd1 Qf4 0-1

[Event "World Blitz 2023"]
[Site "Samarkand UZB"]
[Date "2023.12.30"]
[Round "14.1"]
[White "Uskov, Artem"]
[Black "Dreev, Aleksey"]
[Result "1-0"]
[WhiteElo "2328"]
[BlackElo "2599"]
[EventDate "2023.12.29"]

1. Nf3 d5 2. e3 Nf6 3. c4 c6 4. b3 Bg4 5. Bb2 e6 6. Nc3 Nbd7 7. Be2 h6 8.
h3 Bf5 9. d3 Be7 10. Qc2 O-O 11. g4 Bg6 12. Rg1 Qa5 13. h4 e5 14. g5 d4 15.
gxf6 Bxf6 16. O-O-O dxc3 17. Bxc3 Qa3+ 18. Qb2 Qxb2+ 19. Kxb2 Rfe8 20. d4
exd4 21. Nxd4 Bxh4 22. Nf3 Bxf2 23. Rxg6 fxg6 24. Rxd7 Rxe3 25. Bd1 Rxc3
26. Kxc3 g5 27. Ne5 c5 28. Ng6 Bd4+ 29. Kc2 Kh7 30. Bh5 g4 31. Nh4 g3 32.
Bg6+ Kh8 33. Be4 Re8 34. Kd3 Bf6 35. Ng6+ Kg8 36. Nf4 b6 37. Nh5 Bd4 38.
Nxg3 Rf8 39. Nf5 h5 40. Nxd4 cxd4 41. Rxd4 Rf2 42. Bg6 Kf8 43. Bxh5 Rxa2
44. Rd7 g5 45. Ke4 a5 46. Kf5 Rb2 47. Kf6 Rf2+ 48. Ke6 Rb2 49. Rd3 Kg7 50.
Rg3 Kh6 51. Rh3 Kg7 52. Bg4 Rf2 53. Bf5 Rg2 54. Rh7+ Kg8 55. Kf6 g4 56. Rc7
1-0

[Event "World Blitz 2023"]
[Site "Samarkand UZB"]
[Date "2023.12.30"]
[Round "14.2"]
[White "Fressinet, Laurent"]
[Black "Muradli, Mahammad"]
[Result "0-1"]
[WhiteElo "2636"]
[BlackElo "2551"]
[EventDate "2023.12.29"]

1. d4 Nf6 2. Nf3 g6 3. g3 Bg7 4. Bg2 c5 5. O-O cxd4 6. Nxd4 h5 7. h3 Nc6 8.
c4 O-O 9. Nc3 d6 10. Nc2 Be6 11. Ne3 Rc8 12. Bd2 Qd7 13. Kh2 a6 14. Rc1
Rfd8 15. Ncd5 Bxd5 16. cxd5 Nd4 17. Nc4 Qb5 18. Ba5 Re8 19. b3 Rxc4 20.
Rxc4 Qxa5 21. Rxd4 Qxa2 22. Rc4 b5 23. Qc2 Qa3 24. Rc7 a5 25. e4 Qb4 26. f4
Nh7 27. Qc6 Rf8 28. Rb7 Qxb3 29. Qxb5 Qa3 30. Rf3 Qa1 31. Ra7 h4 32. Qxa5
hxg3+ 33. Rxg3 Qc1 34. Rf3 Bh6 35. Kg3 Nf6 36. Qa3 Nxe4+ 37. Kh4 Qe1+ 38.
Kg4 f5# 0-1

[Event "World Blitz 2023"]
[Site "Samarkand UZB"]
[Date "2023.12.30"]
[Round "14.3"]
[White "Ruck, Robert"]
[Black "Van Foreest, Jorden"]
[Result "0-1"]
[WhiteElo "2561"]
[BlackElo "2664"]
[EventDate "2023.12.29"]

1. Nf3 d5 2. d4 Nf6 3. c4 c6 4. Nc3 e6 5. Bg5 h6 6. Bxf6 Qxf6 7. e3 g6 8.
Bd3 Nd7 9. O-O Bg7 10. cxd5 exd5 11. b4 Qd6 12. Qb3 Nb6 13. b5 c5 14. dxc5
Qxc5 15. Rac1 O-O 16. Na4 Qd6 17. Nc5 Nd7 18. Qc2 Ne5 19. Nxe5 Bxe5 20. h3
Qe7 21. Rfd1 Bxh3 22. gxh3 Rac8 23. Bxg6 Qg5+ 24. Kh1 fxg6 25. Rg1 Qh5 26.
Qxg6+ Qxg6 27. Rxg6+ Kh7 28. Rg2 Rf3 29. Nd3 Rxc1+ 30. Nxc1 d4 31. Nd3 dxe3
32. Nxe5 exf2 33. Nxf3 f1=Q+ 34. Ng1 Qxb5 35. Kh2 Qe5+ 36. Kh1 Qd5 37. Kh2
b5 38. Ne2 Qe5+ 39. Kh1 a5 40. Ng3 b4 41. Kh2 a4 42. Re2 Qd6 43. Rb2 Qd4
44. Re2 b3 45. axb3 axb3 46. Ne4 b2 47. Nd2 Qd3 48. Rg2 b1=Q 49. Nxb1 Qxb1
50. Rg4 Qd3 51. Rg2 Qd6+ 52. Kh1 Qf4 53. Rg4 Qf1+ 54. Kh2 Qf3 55. Rg2 h5
56. Rg1 0-1

[Event "World Blitz 2023"]
[Site "Samarkand UZB"]
[Date "2023.12.30"]
[Round "14.4"]
[White "Jobava, Baadur"]
[Black "Petrosyan, Manuel"]
[Result "0-1"]
[WhiteElo "2599"]
[BlackElo "2556"]
[EventDate "2023.12.29"]

1. d4 Nf6 2. Bg5 d5 3. e3 c5 4. Bxf6 gxf6 5. dxc5 Nc6 6. Nd2 e5 7. Nb3 Bxc5
8. Nxc5 Qa5+ 9. c3 Qxc5 10. Nf3 Be6 11. Be2 Rd8 12. O-O O-O 13. Qa4 Ne7 14.
Qh4 Kg7 15. Qg3+ Kh8 16. Qh4 Kg7 17. Rfd1 Ng6 18. Qh5 Qc8 19. h3 f5 20. Rd2
Rd6 21. Rad1 Rfd8 22. c4 h6 23. Nh4 Ne7 24. Qf3 f6 25. Qg3+ Kh7 26. f4 e4
27. Bh5 Rg8 28. Qe1 Qxc4 29. Rc1 Qb4 30. a3 Qb6 31. Kh2 Rc6 32. Rdc2 Rgc8
33. Rxc6 bxc6 34. b4 Rg8 35. Rc5 a6 36. Qc3 Kg7 37. g4 Bf7 38. Nxf5+ Nxf5
39. Rxc6 d4 40. Rxb6 dxc3 0-1

[Event "World Blitz 2023"]
[Site "Samarkand UZB"]
[Date "2023.12.30"]
[Round "14.6"]
[White "Vokhidov, Shamsiddin"]
[Black "Christiansen, Johan-Sebastian"]
[Result "0-1"]
[WhiteElo "2588"]
[BlackElo "2541"]
[EventDate "2023.12.29"]

1. e4 e5 2. Nf3 Nc6 3. Bb5 f5 4. d3 fxe4 5. dxe4 Nf6 6. O-O Bc5 7. Bxc6
bxc6 8. Nxe5 O-O 9. Nc3 Ba6 10. Nd3 Bd4 11. Ne2 Bb6 12. Ng3 Qe8 13. Re1 Qf7
14. Be3 Bxe3 15. Rxe3 Rab8 16. b3 Rbe8 17. f3 h5 18. Qd2 h4 19. Nf5 Qh5 20.
h3 d6 21. Qf2 g6 22. Nxh4 Nxe4 23. Qe1 Nf6 24. Rxe8 Rxe8 25. Qg3 Kf7 26.
Kh2 Bxd3 27. cxd3 Re2 28. Rc1 c5 29. d4 g5 30. Nf5 Qg6 31. dxc5 Qxf5 32.
cxd6 cxd6 33. Qxd6 Rxa2 34. Rc7+ Kg6 35. Qg3 Ra6 36. b4 Nh5 37. Qg4 Qf4+
38. Qxf4 Nxf4 39. Kg1 Ra2 40. Rc6+ Kf7 41. g3 Ne2+ 42. Kf1 Nxg3+ 43. Ke1
Nf5 44. b5 Nd4 45. Rc3 Nxb5 0-1

[Event "World Blitz 2023"]
[Site "Samarkand UZB"]
[Date "2023.12.30"]
[Round "14.7"]
[White "Aravindh, Chithambaram Vr."]
[Black "Mitrabha, Guha"]
[Result "1-0"]
[WhiteElo "2584"]
[BlackElo "2512"]
[EventDate "2023.12.29"]

1. d4 Nf6 2. Nf3 e6 3. e3 b6 4. Bd3 Bb7 5. O-O d5 6. Nbd2 Nbd7 7. b3 Bd6 8.
Bb2 Ne4 9. c4 O-O 10. Qc2 f5 11. Rac1 a6 12. Rfd1 Qe8 13. Ne5 Bxe5 14. dxe5
Nxd2 15. Rxd2 Nc5 16. Bf1 Ne4 17. Rdd1 c5 18. f3 Ng5 19. cxd5 Bxd5 20. h4
Nf7 21. Rxd5 exd5 22. Qxf5 Nh6 23. Qg5 a5 24. e6 Nf5 25. Bd3 Qe7 26. e4
Qxg5 27. hxg5 dxe4 28. Bxe4 Rad8 29. Re1 Ne7 30. Be5 Rd2 31. a4 Rc8 32. f4
g6 33. g4 c4 34. bxc4 Rxc4 35. f5 gxf5 36. gxf5 Rxe4 37. Rxe4 Nxf5 38. Bf6
Kf8 39. Rc4 Nd6 40. Rc7 Rd1+ 41. Kg2 Rd2+ 42. Kf3 h5 43. Rh7 Rd3+ 44. Ke2
1-0

[Event "World Blitz 2023"]
[Site "Samarkand UZB"]
[Date "2023.12.30"]
[Round "14.8"]
[White "Bai, Jinshi"]
[Black "Vasquez Schroeder, Rodrigo"]
[Result "0-1"]
[WhiteElo "2516"]
[BlackElo "2582"]
[EventDate "2023.12.29"]

1. Nf3 Nf6 2. g3 g6 3. Bg2 Bg7 4. O-O O-O 5. d4 d6 6. b3 a5 7. Bb2 a4 8. c4
axb3 9. axb3 Rxa1 10. Bxa1 Na6 11. Nc3 c5 12. dxc5 Nxc5 13. Nd4 Qb6 14.
Ndb5 Bd7 15. b4 Na6 16. Qb3 Bc6 17. e4 Ra8 18. Bb2 Qd8 19. h3 Nc7 20. Nd4
Nd7 21. Nd5 Bxd5 22. exd5 Nf6 23. Re1 Qd7 24. b5 Qd8 25. Qe3 Kf8 26. Kh2
Nd7 27. h4 Ne8 28. h5 Nef6 29. Bf3 Ne5 30. Qe2 Ra2 31. Rb1 Qc8 32. hxg6
hxg6 33. Rc1 Nxf3+ 34. Qxf3 Rxb2 35. Ra1 Rxf2+ 0-1

[Event "World Blitz 2023"]
[Site "Samarkand UZB"]
[Date "2023.12.30"]
[Round "14.9"]
[White "Orozbaev, Eldiar"]
[Black "Dardha, Daniel"]
[Result "0-1"]
[WhiteElo "2236"]
[BlackElo "2568"]
[EventDate "2023.12.29"]

1. e4 e5 2. Nc3 Nf6 3. d4 exd4 4. Qxd4 Nc6 5. Qd3 Bb4 6. Bd2 O-O 7. O-O-O
Re8 8. Nge2 d6 9. Bg5 h6 10. Bxf6 Qxf6 11. Nd5 Qd8 12. Nxb4 Nxb4 13. Qd2 a5
14. Nc3 Be6 15. a3 Na6 16. f4 Nc5 17. Rg1 Rb8 18. g4 b5 19. Bxb5 Nxe4 20.
Nxe4 Rxb5 21. Nc3 Rb8 22. f5 Bd7 23. g5 Bxf5 24. gxh6 g6 25. Nd5 Re5 26.
Rge1 Kh7 27. Qf4 c6 28. Rxe5 dxe5 29. Qxe5 Qg5+ 30. Ne3 Rg8 31. h4 Qxh6 32.
Kb1 Be6 33. Rf1 Re8 34. Ng4 Qg7 35. Nf6+ Kh8 36. h5 Ba2+ 37. Kxa2 Rxe5 38.
h6 Qxh6 39. Ng4 Qg5 40. Nxe5 Qxe5 41. c4 Qe6 42. Kb3 Kg7 43. Rd1 g5 44. Kc3
g4 45. b4 axb4+ 46. axb4 g3 47. b5 cxb5 48. cxb5 Qe3+ 0-1

[Event "World Blitz 2023"]
[Site "Samarkand UZB"]
[Date "2023.12.30"]
[Round "14.10"]
[White "Martirosyan, Haik M."]
[Black "Idani, Pouya"]
[Result "0-1"]
[WhiteElo "2770"]
[BlackElo "2574"]
[EventDate "2023.12.29"]

1. d4 Nf6 2. c4 e6 3. Nf3 c5 4. d5 d6 5. Nc3 exd5 6. cxd5 g6 7. Bf4 Bg7 8.
h3 b5 9. Nxb5 Qa5+ 10. Nc3 Ne4 11. Bd2 Nxd2 12. Qxd2 O-O 0-1

[Event "World Blitz 2023"]
[Site "Samarkand UZB"]
[Date "2023.12.30"]
[Round "14.11"]
[White "Grischuk, Alexander"]
[Black "Hovhannisyan, Robert"]
[Result "1-0"]
[WhiteElo "2699"]
[BlackElo "2570"]
[EventDate "2023.12.29"]

1. d4 d5 2. Nf3 Nf6 3. Bf4 c5 4. e3 Nc6 5. Nbd2 Bg4 6. c3 e6 7. Qb3 Qc8 8.
Nh4 Bh5 9. h3 cxd4 10. exd4 Qd7 11. g4 Bg6 12. Nxg6 hxg6 13. Be2 Bd6 14.
Be3 Qc7 15. O-O-O O-O-O 16. Kb1 Kb8 17. h4 Bf4 18. Rdg1 Ka8 19. Qc2 Rc8 20.
a3 Na5 21. h5 g5 22. Nf3 Ne4 23. Bd3 Bxe3 24. fxe3 Nc4 25. Bxc4 Qxc4 26.
Nd2 Nxd2+ 27. Qxd2 f6 28. Re1 e5 29. Rd1 Rhe8 30. h6 gxh6 31. Rxh6 exd4 32.
Qxd4 Re4 33. Qxc4 dxc4 34. Rd4 Rxd4 35. cxd4 Re8 36. Rxf6 a6 37. Rf3 Re4
38. Rg3 b5 39. Kc2 Kb7 40. Kd2 a5 41. Ke2 b4 42. axb4 axb4 43. Kf3 Re6 44.
Rh3 Kb6 45. Rh8 Kb5 46. Rc8 c3 47. bxc3 b3 48. c4+ Kb4 49. c5 Kc3 50. Rb8
b2 51. d5 Re8 52. Rb6 Re5 53. e4 Re8 54. c6 Rf8+ 55. Ke3 Rh8 56. c7 Rh3+
57. Kf2 Rh8 58. d6 1-0

[Event "World Blitz 2023"]
[Site "Samarkand UZB"]
[Date "2023.12.30"]
[Round "14.12"]
[White "Bocharov, Dmitry"]
[Black "Smirnov, Anton"]
[Result "1-0"]
[WhiteElo "2482"]
[BlackElo "2647"]
[EventDate "2023.12.29"]

1. c4 e5 2. d3 Nc6 3. Nf3 g6 4. g3 Bg7 5. Bg2 d6 6. O-O f5 7. Nc3 Nf6 8.
Rb1 O-O 9. b4 h6 10. b5 Ne7 11. c5 Be6 12. Ba3 g5 13. cxd6 cxd6 14. Nd2 Qd7
15. Nc4 Ne8 16. Qd2 Rc8 17. Rfc1 e4 18. b6 d5 19. Ne3 f4 20. Nexd5 Nxd5 21.
Nxd5 Bxd5 22. Bxf8 e3 23. fxe3 Rxc1+ 24. Qxc1 Bxg2 25. Kxg2 Bxf8 26. bxa7
Nc7 27. Qc4+ Kh7 28. Rxb7 Bd6 29. a8=Q 1-0

[Event "World Blitz 2023"]
[Site "Samarkand UZB"]
[Date "2023.12.30"]
[Round "14.13"]
[White "Iturrizaga Bonelli, Eduardo"]
[Black "Chigaev, Maksim"]
[Result "1/2-1/2"]
[WhiteElo "2645"]
[BlackElo "2561"]
[EventDate "2023.12.29"]

1. c4 g6 2. g3 Bg7 3. Bg2 e5 4. Nc3 Nc6 5. Rb1 a5 6. a3 h5 7. h3 d6 8. b4
axb4 9. axb4 Nge7 10. e3 O-O 11. b5 Na5 12. d3 c6 13. Nge2 Be6 14. O-O d5
15. bxc6 bxc6 16. cxd5 cxd5 17. Ba3 Nac6 18. Bc5 Qd7 19. Kh2 Rfb8 20. Rxb8+
Rxb8 21. Qa4 Rb2 22. Ba3 Rd2 23. Rd1 Rxd1 24. Qxd1 Qa7 25. Qc1 Qa5 26. Bb2
Nb4 27. Qd2 Qa6 28. d4 Nd3 29. dxe5 Nxb2 30. Qxb2 Bxe5 31. Qb4 Bd6 32. Qd4
Nf5 1/2-1/2

[Event "World Blitz 2023"]
[Site "Samarkand UZB"]
[Date "2023.12.30"]
[Round "14.14"]
[White "Matlakov, Maxim"]
[Black "Ivic, Velimir"]
[Result "1-0"]
[WhiteElo "2638"]
[BlackElo "2542"]
[EventDate "2023.12.29"]

1. d4 d5 2. c4 c6 3. Nf3 Nf6 4. e3 Bf5 5. Nc3 e6 6. Nh4 Bg6 7. Bd2 Be7 8.
Qb3 Qc7 9. Rc1 dxc4 10. Bxc4 a6 11. Nxg6 hxg6 12. a4 Nbd7 13. h3 a5 14. e4
Nb6 15. Be2 Bb4 16. O-O O-O 17. e5 Nfd5 18. Rcd1 Qe7 19. Bc1 Qh4 20. Bf3 f5
21. exf6 Rxf6 22. Ne4 Rf5 23. Bg4 Raf8 24. g3 Qe7 25. h4 Nc8 26. Bxf5 gxf5
27. Ng5 Nd6 28. Bd2 Bxd2 29. Rxd2 Ne4 30. Re2 Nxg5 31. hxg5 f4 32. Rfe1
Qxg5 33. Rxe6 Qh5 34. R6e5 Qh3 35. Qf3 fxg3 36. Qxg3 Qxg3+ 37. fxg3 Rf3 38.
Kg2 Rb3 39. R1e2 Rb4 40. Re8+ Kh7 41. Rb8 b6 42. Rc8 Rc4 43. Re4 Rc2+ 44.
Kh3 Nf6 45. Re6 Rxb2 46. Rcxc6 Rb4 47. Red6 Rxa4 48. Rxb6 Rc4 49. Rb7 a4
50. Rxf6 1-0

[Event "World Blitz 2023"]
[Site "Samarkand UZB"]
[Date "2023.12.30"]
[Round "14.15"]
[White "Kovalev, Vladislav"]
[Black "Sargsyan, Shant"]
[Result "1/2-1/2"]
[WhiteElo "2539"]
[BlackElo "2633"]
[EventDate "2023.12.29"]

1. e4 e5 2. Nf3 Nc6 3. Bb5 a6 4. Ba4 Nf6 5. O-O Be7 6. d3 b5 7. Bb3 d6 8.
a3 O-O 9. Nc3 Na5 10. Ba2 Be6 11. b4 Bxa2 12. Rxa2 Nc6 13. Bg5 Qd7 14. Bxf6
Bxf6 15. Nd5 Ne7 16. Nxf6+ gxf6 17. Nh4 Kh8 18. f4 Ng6 19. Nxg6+ fxg6 20.
c3 d5 21. Qf3 d4 22. cxd4 Qxd4+ 23. Kh1 Rad8 24. fxe5 fxe5 25. Qxf8+ Rxf8
26. Rxf8+ Kg7 27. Rf3 c5 28. bxc5 Qxc5 29. h3 a5 30. Rf1 Qc3 31. Rb1 Qxd3
32. Rab2 b4 33. axb4 a4 34. Ra1 Qxe4 35. Rxa4 Qe1+ 36. Kh2 h5 37. Raa2 h4
38. Ra3 e4 39. Rbb3 Qd2 40. b5 Qd6+ 41. Kg1 Qd1+ 42. Kf2 Qd2+ 43. Kf1 Qd1+
44. Kf2 Qd2+ 45. Kg1 Qd1+ 46. Kh2 Qd6+ 1/2-1/2

[Event "World Blitz 2023"]
[Site "Samarkand UZB"]
[Date "2023.12.30"]
[Round "14.17"]
[White "Anton Guijarro, David"]
[Black "Bharath, Subramaniyam H"]
[Result "1-0"]
[WhiteElo "2616"]
[BlackElo "2435"]
[EventDate "2023.12.29"]

1. e4 c6 2. d4 d5 3. e5 Bf5 4. Bd3 Bxd3 5. Qxd3 e6 6. Ne2 Qc7 7. O-O c5 8.
c3 Nc6 9. a3 Nge7 10. Nd2 Nf5 11. Nf3 Be7 12. g4 Nh4 13. Nxh4 Bxh4 14. g5
h6 15. g6 O-O-O 16. Qh3 Qe7 17. gxf7 g5 18. f4 Rdf8 19. f5 exf5 20. Qxf5+
Kb8 21. Qf3 Qe6 22. Qf6 Qg4+ 23. Ng3 Bxg3 24. hxg3 Qxg3+ 25. Kh1 Qh3+ 26.
Kg1 Qg4+ 27. Kh1 Nd8 28. Bd2 Qh3+ 29. Kg1 Qg3+ 30. Kh1 Qh4+ 31. Kg1 Qg4+
32. Kh1 Nxf7 33. Qe7 Qh5+ 34. Kg1 Qg4+ 35. Kh1 Qe4+ 36. Kg1 Qd3 37. e6 Qg3+
38. Kh1 Qh3+ 39. Kg1 Qg4+ 40. Kh1 Qh5+ 41. Kg1 Qg4+ 42. Kh1 Qh3+ 43. Kg1
Qg3+ 44. Kh1 Qh4+ 45. Kg1 Qg4+ 46. Kh1 Re8 47. Qxf7 Rxe6 48. Qf3 Qh4+ 49.
Kg2 1-0

[Event "World Blitz 2023"]
[Site "Samarkand UZB"]
[Date "2023.12.30"]
[Round "14.19"]
[White "Ponomariov, Ruslan"]
[Black "Grebnev, Aleksey"]
[Result "1-0"]
[WhiteElo "2613"]
[BlackElo "2404"]
[EventDate "2023.12.29"]

1. d4 Nf6 2. c4 e6 3. Nc3 Bb4 4. e3 O-O 5. Bd3 d5 6. a3 Bxc3+ 7. bxc3 dxc4
8. Bxc4 c5 9. Nf3 Qa5 10. Bb2 Bd7 11. Qe2 cxd4 12. exd4 a6 13. a4 Bxa4 14.
O-O b5 15. Bd3 Qc7 16. c4 Nbd7 17. Rfc1 Qb7 18. c5 Rac8 19. Nd2 Rfd8 20.
Ne4 Nxe4 21. Bxe4 Qa7 22. Ra3 Nf6 23. Bb1 Rd5 24. Rg3 b4 25. Ba2 b3 26.
Bxb3 Bxb3 27. Rxb3 Rdd8 28. Ra1 Nd5 29. Rxa6 Qc7 30. g3 Rb8 31. Raa3 h6 32.
Bc1 Rxb3 33. Rxb3 Qa5 34. Be3 Ra8 35. Kg2 Qa4 36. Qb2 Qc4 37. Rb8+ Rxb8 38.
Qxb8+ Kh7 39. Qb1+ Kg8 40. Qc1 Qd3 41. c6 Qa6 42. Bf4 Qa8 43. Kg1 Qc8 44.
c7 Kf8 45. Bd6+ Kg8 46. Qb1 Nxc7 47. Qc1 Qa6 48. Qxc7 Qa1+ 49. Kg2 Qxd4 50.
Qc6 Qd3 51. Bf4 Kh7 52. Be3 Qf5 53. Qf3 Qg6 54. h4 Kg8 55. h5 Qc2 56. Bd4
Qc4 57. Bb2 Qb5 58. Bc3 Qc5 59. g4 Qc4 60. Be5 Qc5 61. Bf4 Qc4 62. Be3 Qb5
63. Qe4 Qa5 64. Bd4 Qb5 65. Qe5 Qb7+ 66. f3 f6 67. Qxe6+ Kh8 68. Qe8+ Kh7
69. Qe4+ 1-0

[Event "World Blitz 2023"]
[Site "Samarkand UZB"]
[Date "2023.12.30"]
[Round "14.20"]
[White "Pantsulaia, Levan"]
[Black "Zverev, Lev"]
[Result "1-0"]
[WhiteElo "2579"]
[BlackElo "2299"]
[EventDate "2023.12.29"]

1. Nf3 Nf6 2. g3 b5 3. Bg2 Bb7 4. O-O e6 5. b3 Be7 6. c4 bxc4 7. bxc4 c5 8.
Nc3 O-O 9. Rb1 Bc6 10. e3 Na6 11. d4 cxd4 12. exd4 Rc8 13. Qe2 Nc7 14. Ne5
Bxg2 15. Kxg2 d6 16. Nc6 Qd7 17. d5 Rfe8 18. Nxa7 Ra8 19. Rb7 exd5 20. Nxd5
Nfxd5 21. cxd5 Qa4 22. Rxc7 Rxa7 23. Rxa7 Qxa7 24. Re1 h6 25. Bf4 Qa8 26.
Qe4 Kf8 27. h4 g5 28. hxg5 hxg5 29. Bc1 Bf6 30. Qxe8+ Qxe8 31. Rxe8+ Kxe8
32. Kf3 Kd7 33. Ke4 Bd8 34. Kf5 f6 35. Bb2 Bb6 36. f3 1-0

[Event "World Blitz 2023"]
[Site "Samarkand UZB"]
[Date "2023.12.30"]
[Round "14.21"]
[White "Petrov, Nikita"]
[Black "Tari, Aryan"]
[Result "1/2-1/2"]
[WhiteElo "2521"]
[BlackElo "2577"]
[EventDate "2023.12.29"]

1. d4 d5 2. c4 e6 3. Nc3 c5 4. e3 Nf6 5. Nf3 Nc6 6. a3 a6 7. dxc5 Bxc5 8.
b4 Ba7 9. Bb2 O-O 10. Rc1 dxc4 11. Bxc4 b5 12. Bd3 Bb7 13. O-O Rc8 14. Ne4
Nxe4 15. Bxe4 Na5 16. Bxb7 Nxb7 17. Ne5 Rxc1 18. Qxc1 Qa8 19. Qc6 Bb8 20.
Nd7 Rd8 21. Qc3 e5 22. Nxe5 Bxe5 23. Qxe5 f6 24. Qe6+ Kh8 25. h4 Nd6 26. h5
Nc4 27. Bd4 h6 28. a4 Re8 29. Qf7 Rf8 30. Qe6 Re8 31. Qg4 Qd5 32. axb5 axb5
33. Ra1 Ra8 34. Rd1 Rd8 35. Qg6 Ne5 36. Qc2 Nc6 37. Qc3 Qxh5 38. Rc1 Nxd4
39. exd4 Qd5 40. Qc5 Qxd4 41. Qxb5 Qf4 42. Qc5 Rd2 43. Rb1 Qe4 44. Rc1 Rb2
45. Qc4 Qf5 46. Qc8+ Qxc8 47. Rxc8+ Kh7 48. Rc4 h5 49. g3 g5 50. Kg2 Kg6
51. Rd4 Kf5 52. Rc4 g4 53. Rc5+ Kg6 54. b5 f5 55. Kg1 Kg5 56. Kg2 Rb3 57.
Kg1 1/2-1/2

[Event "World Blitz 2023"]
[Site "Samarkand UZB"]
[Date "2023.12.30"]
[Round "14.22"]
[White "Adhiban, B."]
[Black "Gurel, Ediz"]
[Result "1-0"]
[WhiteElo "2576"]
[BlackElo "2359"]
[EventDate "2023.12.29"]

1. b3 e5 2. Bb2 Nc6 3. c4 Nf6 4. Nf3 e4 5. Nd4 Bc5 6. Nf5 O-O 7. e3 d5 8.
cxd5 Bxf5 9. dxc6 bxc6 10. Be2 Bd6 11. Nc3 Qe7 12. g4 Bd7 13. Qc2 Rfe8 14.
O-O-O a5 15. f3 a4 16. Nxa4 Reb8 17. g5 Nd5 18. Qxe4 Be6 19. Bd3 g6 20. Qd4
f6 21. gxf6 Qf7 22. Bc4 Rb4 23. d3 Raxa4 24. bxa4 c5 25. Qe4 Rxa4 26. h4 c6
27. h5 Bf5 28. hxg6 Bxg6 29. Rdg1 Ra8 30. Rxg6+ hxg6 31. Qh4 Qf8 32. Qh7#
1-0

[Event "World Blitz 2023"]
[Site "Samarkand UZB"]
[Date "2023.12.30"]
[Round "14.23"]
[White "Pranesh, M"]
[Black "Quparadze, Giga"]
[Result "0-1"]
[WhiteElo "2481"]
[BlackElo "2617"]
[EventDate "2023.12.29"]

1. e4 c5 2. Nf3 e6 3. d4 cxd4 4. Nxd4 Nc6 5. Nc3 Qc7 6. g3 a6 7. Bg2 Nf6 8.
O-O d6 9. Re1 Be7 10. Nxc6 bxc6 11. e5 dxe5 12. Rxe5 O-O 13. Bf4 Bd6 14.
Rc5 Bxf4 15. Rxc6 Qb8 16. gxf4 Qxf4 17. Qd6 e5 18. Qc5 Ng4 19. h3 Bb7 20.
hxg4 Bxc6 21. Qxc6 Qxg4 22. Re1 Rab8 23. Nd5 Rxb2 24. Qxa6 Rxc2 25. Ne3 Qc8
26. Qd6 Rxa2 27. Qxe5 Qb8 28. Qg5 h6 29. Qg4 Qe5 30. Rd1 Qg5 31. Qf3 Ra6
32. Rd5 Qe7 33. Nf5 Ra1+ 34. Kh2 Qc7+ 35. Ng3 Ra4 36. Qf5 Rf4 37. Qd3 Rxf2
38. Rd7 Qf4 39. Kh3 Rb2 40. Be4 Qf2 41. Qd6 Qh2+ 42. Kg4 h5+ 43. Nxh5 f5+
44. Bxf5 Rg2+ 45. Kf3 Rxf5+ 46. Ke4 Qxd6 47. Rxd6 Rxh5 48. Kf3 Rgg5 49. Rd7
Rh6 50. Kf4 Rgg6 51. Kf5 Rf6+ 52. Kg5 Rhg6+ 53. Kh5 Rg1 54. Rd8+ Kh7 0-1